000 01117nam a2200277 i 4500
003 IT-RoINE
005 20190627101216.0
008 150306s2014 sp |r|||| 001 | spa d
020 _a9788472998384
040 _aSpMaBN
_cSpMaBN
_dIT-RoINE
245 0 3 _aLa Universidad de Salamanca y el Pontificado en la Edad Media /
_cMiguel Anxo Pena González, Luis E. Rodríguez-San Pedro Bezares (coords.)
260 _aSalamanca :
_bPublicaciones Universidad Pontificia,
_c2014.
300 _a643 p. ;
_c25 cm.
336 _aTexto (visual)
_2isbdcontent
337 _2rdamedia
_aunmediated
338 _2rdacarrier
_avolume
490 1 _aBibliotheca Salmanticensis.
_aEstudios ;
_v350
500 _aIncluye índices.
504 _aIncluye referencias bibliográficas e índice
610 2 4 _aUniversidad de Salamanca (España)
_98192
_xHistoria
650 4 _952574
_aIglesia
_xHistoria
_y600-1500 (Edad media)
700 1 _aPena González, Miguel Anxo,
_d1969-
_917076
700 1 _97428
_aRodríguez-San Pedro Bezares, Luis Enrique,
_d1957-
830 0 _93087
_aBibliotheca Salmanticensis.
_pEstudios ;
_v350
942 _cMTS
999 _c13208
_d13208